| 000 | 00579nam a22001937a 4500 | ||
|---|---|---|---|
| 003 | OSt | ||
| 005 | 20160921130914.0 | ||
| 008 | 160921b xxu||||| |||| 00| 0 eng d | ||
| 020 | _a0727912240 | ||
| 040 | _cDNLM. | ||
| 082 | _aWL100N398 1999. | ||
| 100 |
_aEdited by Hughes,Rac;Perkin,GD; _911081 |
||
| 245 |
_aNeurology and Medicine: _bJournal of Neurology Neurosurgery and Psychiatry. |
||
| 260 |
_aLondon. _bBMJ Publishing Group. _c1999. |
||
| 300 |
_axiv,413p; _bill; _c24cm |
||
| 504 | _areferences and index are included. | ||
| 650 |
_aMedicine. _9324 |
||
| 942 |
_2z _cO_SHELF |
||
| 999 |
_c5260 _d5260 |
||